| 000 | 01052nam a2200253 a 4500 | ||
|---|---|---|---|
| 001 | 000027748 | ||
| 005 | 20200930031050.0 | ||
| 008 | 110404s1957 dr r 000 0 spa d | ||
| 040 |
_aDO-SdBNP _bspa _cBNPHU |
||
| 082 |
_a923.2 _bS211d |
||
| 100 | 1 |
_aSánchez Ramírez, Juan _954828 |
|
| 245 | 1 | 0 |
_aDiario de la reconquista / _cJuan Sánchez Ramírez; proemio y notas de Fray C. de Ultrea. |
| 260 |
_aCiudad Trujillo, República Dominicana : _bMontalvo, _c1957. |
||
| 300 |
_a395 p. ; _c25 cm. |
||
| 490 | 1 |
_aAcademia militar Batalla de las carreras. Aviación Militar Dominicana _v1 |
|
| 590 | _aInventariado, 2018/ YL | ||
| 500 | _aIncluye índice | ||
| 500 | _aIncluye referencias bibliográficas y notas al pie de las páginas | ||
| 650 | 1 | 4 |
_aSánchez ramírez, juan, _d1808-1809 _954829 |
| 651 | 4 |
_aRepública Dominicana _xHistoria _yRECONQUISTA *1808-1809 _954830 |
|
| 700 | 1 |
_aUltrea, C. de _954831 |
|
| 830 | 0 |
_aAcademia Militar Batalla de las Carreras. Aviación Militar Dominicana _n1 _954832 |
|
| 910 | _aValidado. Control de calidad. MFF | ||
| 999 |
_c27240 _d27240 |
||